=LDR 00000nam 2200000 4500 =001 INLIS000000000029708 =005 20210421074533 =035 ##$$a 0010-061300000029708 =008 210421################g##########0#ind## =041 ##$$a Ind =082 ##$$a 336.959 8 =090 ##$$a 336.959 8, Poh k =100 ##$$a Pohan, Aulia =245 1#$$a Kerangka kebijakan moneter dan implementasinya di Indonesia /$c Aulia Pohan =260 ##$$a Jakarta :$b Raja Grafindo,$c 2008 =300 ##$$a xiii,, 260 hlm. : $b ilus. ; $c 24 x 16 cm, =650 #4$$a Keuangan-Indonesia =850 ##$$a NBPNMAT =020 ##$$a 978-979-769-172-1 =084 ##$$a 336.959 8 POH k =250 ##$$a ed.1 =500 ##$$a Biodata : Halm.259 =990 ##$$a 20801735